Loading...
| Fine Arts - Painting and Sculpture | 0 | 4 | 1 | 2 | 35 | 97 | 117.00 | 0 | 0 | 2.03 | 6.73 |
| Science - Chemistry | 0 | 4 | 2 | 0 | 30 | 63 | 88.75 | 1 | 1 | 6.85 | 20.46 |
| Fine Arts - Other | 0 | 2 | 0 | 0 | 20 | 84 | 93.50 | 1 | 1 | 5.06 | 14.74 |
| Science - Other | 0 | 2 | 0 | 2 | 20 | 124 | 128.00 | 0 | 0 | 0.00 | 5.93 |
| History - American | 0 | 2 | 1 | 1 | 15 | 104 | 117.50 | 0 | 0 | 1.72 | 5.18 |
| Science - Biology | 0 | 2 | 1 | 0 | 15 | 63 | 81.50 | 0 | 0 | 3.38 | 10.74 |
| Other Academic | 0 | 1 | 0 | 1 | 10 | 125 | 125.00 | 0 | 0 | 0.00 | 4.17 |
| Geography | 0 | 1 | 0 | 1 | 10 | 94 | 94.00 | 0 | 0 | 8.06 | 19.44 |
| Social Science | 0 | 1 | 1 | 0 | 5 | 97 | 97.00 | 0 | 1 | 1.42 | 4.17 |
| History - Other | 0 | 1 | 1 | 0 | 5 | 36 | 36.00 | 0 | 1 | 5.87 | 7.64 |
| Literature - American | 0 | 1 | 1 | 1 | 5 | 124 | 124.00 | 0 | 0 | 1.44 | 1.28 |
| Literature - World | 0 | 1 | 2 | 0 | 0 | 42 | 42.00 | 0 | 1 | 5.51 | 7.64 |
| Literature - British | 0 | 0 | 0 | 0 | 0 | 0.00 | 0 | 0 | 0.00 | 0.00 | |
| Science - Physics | 0 | 1 | 2 | 0 | 0 | 92 | 92.00 | 0 | 0 | 2.44 | 4.86 |
| History - World | 0 | 2 | 4 | 1 | 0 | 82 | 104.00 | 0 | 0 | 2.49 | 3.26 |
| Religion | 0 | 0 | 1 | 0 | -5 | 0.00 | 0 | 0 | 0.00 | 0.00 | |
| Literature - European | 0 | 0 | 1 | 0 | -5 | 0.00 | 0 | 0 | 0.00 | 0.00 |